[Event "ECC"]
[Site "Halkidiki GRE"]
[Date "2002.09.24"]
[Round "3"]
[White "Mossong,H"]
[Black "Dishman,S"]
[Result "1/2-1/2"]
[WhiteElo "2200"]
[BlackElo "2297"]

1.e4 c5 2.Nc3 Nc6 3.Bb5 Nd4 4.Bc4 e6 5.Nf3 Nf6 6.e5 d5 7.Bb5+ Nxb5 8.Nxb5 Nd7
9.O-O a6 10.Na3 g5 11.d4 g4 12.Ne1 cxd4 13.Qxd4 b5 14.Nd3 Qc7 15.Qxg4 Nxe5
16.Qg3 Bd6 17.Bf4 Nc4 18.Nxc4 Bxf4 19.Nxf4 Qxc4 20.Qg7 Rf8 21.Nh5 Bb7 22.Nf6+ Ke7
23.Qg5 Kd6 24.Rfe1 Rad8 25.Rad1 Kc7 26.Qe5+ Kb6 27.Rd4 Qc5 28.c3 Qd6 29.Qxd6+ Rxd6
30.Re5 h6 31.f4 Rc8 32.Kf2 Rc4 33.Ng4 Bc8 34.Ne3 Rxd4 35.cxd4 f5 36.Ke2 Rc6
37.Kd2 Rc7 38.Nc2 Rg7 39.Ne1 a5 40.Re3 Rg4 41.g3 b4 42.Nd3 h5 43.Nc5 Rg6
44.Ke2 h4 45.Kf2 Rh6 46.b3 h3 47.Kf3 Kc6 48.Re1 Kd6 49.Rc1 Rh7 50.Nd3 Ba6
51.Ne5 Rc7 52.Rxc7 Kxc7 53.Ke3 Bf1 54.Kd2 Bg2 55.Kc2 Be4+ 56.Kb2 Kd6 57.a3 bxa3+
58.Kxa3 Kc7 59.Ka4 Bc2 60.Nf7 Kb6 61.Ng5 Bd3 62.Nxh3 Bb5+ 63.Ka3 Kc7 64.Ng5 Kd6
65.b4 axb4+ 66.Kxb4 Be8 67.Ka5 Bh5 68.Kb6 Ke7 69.Nh3 Kd6 70.Nf2 Be2 71.h3 Bf1
72.g4 Bxh3 73.Nxh3 fxg4 74.Ng1 g3 75.Ne2 g2 76.Kb5 Ke7 77.Kb4 Kf6 78.Kc3 Kf5
79.Kd3 g1=Q 80.Nxg1 Kxf4 81.Ne2+ Kf5 82.Ng3+  1/2-1/2

[Event "ECC"]
[Site "Halkidiki GRE"]
[Date "2002.09.26"]
[Round "5"]
[White "Mossong,H"]
[Black "Borriss,M"]
[Result "0-1"]
[WhiteElo "2200"]
[BlackElo "2439"]

1.e4 c5 2.Nc3 Nc6 3.Bb5 Nd4 4.Bc4 g6 5.Nf3 Bg7 6.Nxd4 cxd4 7.Ne2 e6 8.c3 Qc7
9.Qb3 Nf6 10.f3 dxc3 11.dxc3 O-O 12.Bf4 Qc5 13.O-O-O d5 14.exd5 Nxd5 15.Bxd5 exd5
16.Nd4 b6 17.Rhe1 Bd7 18.Be5 Bh6+ 19.Kb1 Rfe8 20.Qb4 a5 21.Qb3 a4 22.Qb4 Bf8
23.Qxc5 bxc5 24.Nc2 Bc6 25.a3 Re6 26.Bg3 Rae8 27.Rxe6 fxe6 28.Be5 g5 29.Re1 Bb5
30.Ne3 Bd3+ 31.Kc1 h5 32.Bf6 Bh6 33.Be5 Kf7 34.Bd6 Rc8 35.Kd2 Bg6 36.Be5 Rd8
37.g3 Bg7 38.Nc2 Bxe5 39.Rxe5 Kf6 40.f4 gxf4 41.gxf4 Rb8 42.Kc1 h4 43.Ne3 Be4
44.Ng4+ Ke7 45.Nf2 Bf5 46.c4 Rd8 47.Nd1 d4 48.Nf2 Rg8 49.Ne4 Rg2 50.Nxc5 Rxh2
51.Nxe6 Bxe6 52.f5 h3 53.Rxe6+ Kf7 54.c5 Rg2 55.Rh6 h2 56.c6 Rg1+ 57.Kd2 h1=Q
58.Rxh1 Rxh1 59.Kd3 Rc1  0-1

[Event "ECC"]
[Site "Halkidiki GRE"]
[Date "2002.09.27"]
[Round "6"]
[White "Degraeve,JM"]
[Black "Nedev,T"]
[Result "1-0"]
[WhiteElo "2586"]
[BlackElo "2476"]

1.e4 c5 2.Nf3 Nc6 3.Nc3 e5 4.Bc4 Be7 5.d3 Nf6 6.Nd2 d6 7.Nf1 Bg4 8.f3 Be6
9.Ne3 O-O 10.O-O Rb8 11.a3 Nd7 12.Ncd5 b5 13.Ba2 Nb6 14.g3 Bf6 15.Kh1 Bxd5
16.Nxd5 Nxd5 17.Bxd5 Ne7 18.Bb3 d5 19.exd5 Nxd5 20.a4 a6 21.Qe2 Qd6 22.Qe4 Nc7
23.Be3 b4 24.f4 Rbe8 25.f5 Rc8 26.Rae1 Rfd8 27.g4 Nd5 28.g5 Nxe3 29.Qxe3 Qc6+
30.Kg1 c4 31.Bxc4 Be7 32.Qf3 Qb6+ 33.Kh1 Bxg5 34.Rxe5 Bf6 35.Re4 Bxb2 36.Re7 Rf8
37.Qb7 Qxb7+ 38.Rxb7 a5 39.Re1 Bf6 40.Ra7 h6 41.Rxa5 Bc3 42.Rb1 b3 43.Rb5 bxc2
44.Rc1 Rce8 45.Rxc2 Re1+ 46.Kg2 Bd4 47.Rd5 Rg1+ 48.Kf3 Rf1+ 49.Kg2 Rg1+ 50.Kh3 Bf6
51.Rg2 Rf1 52.a5 Re8 53.a6 Rf3+ 54.Rg3 Rf4 55.a7 Ra8 56.Rd7 Rxf5 57.Bxf7+ Kf8
58.Bg6 Ra5 59.Re3 Ra6 60.Rb7  1-0

[Event "ECC"]
[Site "Halkidiki GRE"]
[Date "2002.09.28"]
[Round "7"]
[White "Kuzmin,G"]
[Black "Apicella,M"]
[Result "1-0"]
[WhiteElo "2512"]
[BlackElo "2510"]

1.e4 c5 2.Nf3 Nc6 3.Nc3 g6 4.d4 cxd4 5.Nxd4 Bg7 6.Be3 Nf6 7.Bc4 O-O 8.Bb3 a5
9.O-O a4 10.Nxa4 Nxe4 11.Nb5 Ra6 12.c4 d6 13.Qe2 Be6 14.Rad1 Na5 15.f3 Nxb3
16.axb3 Nf6 17.Nc5 Ra8 18.Bf2 Bd7 19.Nxd7 Qxd7 20.Rfe1 Rfe8 21.Nc3 Qc6 22.b4 Rac8
23.b3 Ng4 24.b5 Qd7 25.Bd4 Bxd4+ 26.Rxd4 Nf6 27.Qd2 h5 28.h3 Kg7 29.Kh1 Qc7
30.Nd5 Nxd5 31.Rxd5 Ra8 32.f4 f5 33.c5 dxc5 34.Rd7 Qa5 35.Qe3 Kh6 36.Qg3 Qb6
37.Qg5+ Kg7 38.Rexe7+  1-0

[Event "EuYCh B18"]
[Site "Peniscola ESP"]
[Date "2002.09.29"]
[Round "1"]
[White "Bartel,Mat"]
[Black "Raev,R"]
[Result "1-0"]
[WhiteElo "2418"]
[BlackElo "2192"]

1.e4 c5 2.Nf3 Nc6 3.Nc3 g6 4.d4 cxd4 5.Nxd4 Bg7 6.Be3 Nf6 7.Bc4 Qa5 8.O-O O-O
9.Bb3 d6 10.h3 Bd7 11.Re1 Rfd8 12.Nf3 Be8 13.Qe2 Rac8 14.Rad1 Qc7 15.Bg5 Qb8
16.Nd5 h6 17.Bxf6 Bxf6 18.Nxf6+ exf6 19.Nh2 Kg7 20.f4 Ne7 21.Qd2 Bc6 22.Ng4 Ng8
23.f5 g5 24.Qe2 Re8 25.Nf2 Rcd8 26.Qf3 Qc7 27.h4 a5 28.hxg5 hxg5 29.Qd3 Qb6
30.Qd4 Qc5 31.Re2 Qe5 32.c3 Ne7 33.Qxe5 fxe5 34.Red2 Nc8 35.Bd5 Rd7 36.Ng4 Rc7
37.Nf2 Rh8  1-0

[Event "EuYCh B16"]
[Site "Peniscola ESP"]
[Date "2002.09.29"]
[Round "1"]
[White "Kuznetsov,Vi2"]
[Black "Semcesen,D"]
[Result "1-0"]
[WhiteElo "2320"]
[BlackElo "2082"]

1.e4 c5 2.Nf3 Nc6 3.Nc3 e5 4.Bc4 d6 5.d3 Be7 6.Nd2 Bg5 7.h4 Bxd2+ 8.Bxd2 Nge7
9.Bg5 Be6 10.Nd5 Bxd5 11.exd5 Nb8 12.O-O f6 13.Bd2 O-O 14.f4 Nd7 15.h5 Kh8
16.Qg4 f5 17.Qg3 h6 18.Rae1 Qc7 19.Bc3 b5 20.fxe5 Nxe5 21.Rxe5 f4 22.Qxg7+ Kxg7
23.Rxe7+ Kg8 24.Rxc7 bxc4 25.dxc4  1-0

[Event "EuYCh B16"]
[Site "Peniscola ESP"]
[Date "2002.09.29"]
[Round "1"]
[White "Polivanov,A"]
[Black "Mikkelsen,N"]
[Result "1/2-1/2"]
[WhiteElo "2349"]
[BlackElo "2120"]

1.e4 c5 2.Nc3 Nc6 3.Bb5 Nd4 4.Bc4 g6 5.Nf3 Bg7 6.Nxd4 cxd4 7.Qf3 Nh6 8.Ne2 O-O
9.h3 e6 10.d3 f5 11.Qg3 b5 12.Bb3 Qb6 13.O-O Bb7 14.Re1 Nf7 15.exf5 gxf5
16.Nf4 Kh8 17.Qh4 e5 18.Nh5 Qg6 19.Ng3 d5 20.a4 f4 21.Nh5 Ng5 22.Kh1  1/2-1/2

[Event "Eu Rapid Ch"]
[Site "Panormo GRE"]
[Date "2002.09.30"]
[Round "2"]
[White "Movsesian,S"]
[Black "Smirnov,P"]
[Result "0-1"]
[WhiteElo "2654"]
[BlackElo "2539"]

1.e4 c5 2.Nf3 Nc6 3.Nc3 Nf6 4.Bb5 Qc7 5.O-O Nd4 6.Re1 e5 7.a4 Be7 8.d3 O-O
9.Bg5 d6 10.Bxf6 Bxf6 11.Nd5 Qd8 12.c3 Nxf3+ 13.Qxf3 Bg5 14.d4 cxd4 15.cxd4 Be6
16.dxe5 dxe5 17.Rad1 a6 18.Bc4 Rc8 19.Nc3 Qb6 20.Bxe6 fxe6 21.Qe2 Rf7 22.Rf1 Rcf8
23.Rd3 Be7 24.Nd1 Bc5 25.g3 Bd4 26.Kg2 Rc7 27.b3 Rfc8 28.Ne3 Rc3 29.Rxc3 Rxc3
30.Qh5 Qc6 31.Qh4 h6 32.Nc4 b5 33.axb5 axb5 34.Qd8+ Kh7 35.Nd6 Bc5 36.Nf7 Qxe4+
37.Kg1 Rf3 38.Nd6 Bxf2+ 39.Kh1 Qd5  0-1

[Event "EuYCh B18"]
[Site "Peniscola ESP"]
[Date "2002.09.30"]
[Round "2"]
[White "Poulsen,Ma"]
[Black "Saric,A"]
[Result "0-1"]
[WhiteElo "2160"]
[BlackElo "2394"]

1.e4 c5 2.Nc3 Nc6 3.Bb5 Na5 4.Nf3 a6 5.Be2 b5 6.O-O Bb7 7.d4 cxd4 8.Nxd4 e6
9.Bf3 Qc7 10.Re1 d6 11.Bg5 Nc4 12.Bh5 g6 13.Nd5 exd5 14.exd5+ Be7 15.Nf5 gxf5
16.Bxf7+ Kd8 17.Qh5 Ne5 18.Rxe5 dxe5 19.d6 Qc6 20.dxe7+ Nxe7 21.Bd5 Qxd5
22.Rd1 Kc7 23.Rxd5 Nxd5 24.Qf7+ Kb6 25.Qe6+ Ka7 26.Qxe5 Rae8 27.Qd4+ Ka8
28.h3 Rhg8 29.Bd2 Re4 30.Qc5 Rc4 31.Qd6 Rxc2 32.Qe6 Rxg2+ 33.Kf1 Rxd2 34.Qe8+ Ka7  0-1

[Event "11th Monarch Assurance"]
[Site "Port Erin IOM"]
[Date "2002.09.30"]
[Round "3"]
[White "Purton,B"]
[Black "Williams,Si"]
[Result "0-1"]
[WhiteElo "2067"]
[BlackElo "2421"]

1.e4 c5 2.Nc3 Nc6 3.Bb5 Nd4 4.Bc4 Nf6 5.e5 d5 6.Be2 Nd7 7.f4 e6 8.Nf3 g6
9.a4 Be7 10.O-O O-O 11.d3 f6 12.exf6 Bxf6 13.Nxd4 cxd4 14.Nb1 Nb8 15.Nd2 Nc6
16.b3 Qc7 17.Ba3 Be7 18.Bxe7 Nxe7 19.g3 Nf5 20.Qb1 Ne3 21.Rc1 e5 22.fxe5 Qxe5
23.Nf1 Bh3 24.Re1 Ng2 25.Bg4 Nxe1 26.Bxh3 Rae8 27.Qd1 Qf6  0-1

[Event "EuYCh B18"]
[Site "Peniscola ESP"]
[Date "2002.10.01"]
[Round "3"]
[White "Lupulescu,C"]
[Black "Markos,J"]
[Result "1-0"]
[WhiteElo "2476"]
[BlackElo "2467"]

1.e4 c5 2.Nf3 Nc6 3.Nc3 Nf6 4.Bb5 Qc7 5.Bxc6 Qxc6 6.Qe2 d6 7.d4 e6 8.Bg5 Be7
9.O-O-O O-O 10.e5 dxe5 11.dxe5 Nd5 12.Bxe7 Nxe7 13.Rd6 Qc7 14.Rhd1 Nf5 15.R6d2 b5
16.g4 Ne7 17.Qe3 Ng6 18.Rd6 Bb7 19.Ne4 Bxe4 20.Qxe4 c4 21.h4 Rfc8 22.h5 Nf8
23.Kb1 c3 24.h6 cxb2 25.hxg7 Kxg7 26.Nd4 a5 27.f4 b4 28.f5 b3 29.Nxb3 Rab8
30.R6d2 Rb4 31.Nd4 Qc4 32.Qe3 Ra4 33.a3 Kh8 34.f6 Ng6 35.Qh6 Rg8 36.Rh2 Nf8
37.Rdh1 Rxa3 38.Qxh7+  1-0

[Event "Eu Blitz Ch"]
[Site "Panormo GRE"]
[Date "2002.10.02"]
[Round "8"]
[White "Movsesian,S"]
[Black "Grivas,E"]
[Result "1/2-1/2"]
[WhiteElo "2651"]
[BlackElo "2494"]

1.e4 c5 2.Nf3 Nc6 3.Nc3 e5 4.Bc4 d6 5.d3 Be7 6.O-O Nf6 7.Ng5 O-O 8.f4 h6
9.Nf3 exf4 10.Bxf4 Be6 11.Nd5 Bxd5 12.exd5 Na5 13.Qe1 a6 14.a3 Nxc4 15.dxc4 Re8
16.Kh1 Bf8 17.Qg3 Ne4 18.Qg4 Qc8 19.Qh5 g6 20.Qh4 g5 21.Bxg5 hxg5 22.Nxg5 Nxg5
23.Qxg5+ Bg7 24.Rf5 Qd8 25.Qh5 Qe7 26.Raf1 Rf8 27.h3 Rae8 28.R1f4 Qe1+ 29.Kh2 Re5
30.Rh4 Qxh4 31.Qxh4 Rxf5 32.Qe7 Be5+ 33.Kg1 b5 34.cxb5 axb5 35.c3 Rf4 36.Qg5+  1/2-1/2

[Event "Autumn III"]
[Site "Alushta UKR"]
[Date "2002.10.03"]
[Round "9"]
[White "Inarkiev,E"]
[Black "Selin,O"]
[Result "1-0"]
[WhiteElo "2545"]
[BlackElo "2432"]

1.e4 c5 2.Nf3 Nc6 3.Nc3 Nf6 4.d4 cxd4 5.Nxd4 d6 6.Bg5 e6 7.Qd2 a6 8.O-O-O h6
9.Be3 Qc7 10.f3 Rb8 11.Kb1 Be7 12.h4 Nxd4 13.Bxd4 b5 14.Be3 Nd7 15.Ne2 Ne5
16.Nd4 Bd7 17.g4 a5 18.Qg2 a4 19.Bc1 Nc4 20.f4 a3 21.b3 Nb2 22.Bxb2 axb2
23.c4 b4 24.Qxb2 Bf6 25.Bg2 e5 26.g5 Be7 27.Nf5 Bf8 28.Ne3 Bc6 29.fxe5 dxe5
30.Rd5 hxg5 31.Rxe5+ Kd8 32.Rd1+ Kc8 33.Nd5 Bxd5 34.cxd5 Kb7 35.d6 Bxd6 36.Red5  1-0

[Event "ch-ESP Open"]
[Site "Ayamonte ESP"]
[Date "2002.10.04"]
[Round "1"]
[White "Gonzalez de la Torre,S"]
[Black "Draghici,G"]
[Result "1-0"]
[WhiteElo "2399"]
[BlackElo "2077"]

1.e4 c5 2.Nf3 Nc6 3.Nc3 d6 4.d4 cxd4 5.Nxd4 Nf6 6.Bg5 e6 7.Qd2 a6 8.O-O-O Be7
9.f3 Bd7 10.h4 b5 11.Nxc6 Bxc6 12.Ne2 d5 13.Nd4 Bb7 14.e5 Nd7 15.Bxe7 Qxe7
16.Qe1 O-O-O 17.a4 b4 18.a5 Rhe8 19.Kb1 f6 20.f4 fxe5 21.fxe5 Nb8 22.Rh3 Rf8
23.Rf3 Kc7 24.c3 Rxf3 25.gxf3 b3 26.Bh3 Bc8 27.Nxb3 Nc6 28.Qe3 d4 29.cxd4 Rd5
30.Rc1 Qxh4 31.f4 Qh5 32.Bg2  1-0

[Event "Autumn Cup"]
[Site "Bucharest ROM"]
[Date "2002.10.04"]
[Round "10"]
[White "Nita,L"]
[Black "Raceanu,V"]
[Result "1/2-1/2"]
[WhiteElo "2265"]
[BlackElo "2339"]

1.e4 c5 2.Nf3 Nc6 3.Nc3 d6 4.Bb5 Bd7 5.Bxc6 bxc6 6.d3 g6 7.O-O Bg7 8.h3 Rb8
9.Qe1 e5 10.Nd2 Ne7 11.Nc4 Be6 12.Nd1 O-O 13.Bd2 f5 14.f3 f4 15.g4 Nc8 16.Qe2 Nb6
17.Na5 Qc7 18.b3 Bf6 19.Nb2 Kg7 20.Kg2  1/2-1/2

[Event "ch-ESP Open"]
[Site "Ayamonte ESP"]
[Date "2002.10.05"]
[Round "2"]
[White "Castillo Gallego,S"]
[Black "Gonzalez de la Torre,S"]
[Result "0-1"]
[WhiteElo "2208"]
[BlackElo "2399"]

1.e4 c5 2.Nf3 Nc6 3.Nc3 g6 4.Bb5 Bg7 5.O-O Nd4 6.Nxd4 cxd4 7.Ne2 e6 8.d3 Ne7
9.c3 dxc3 10.bxc3 O-O 11.Ba4 b6 12.Bg5 h6 13.Bh4 Bb7 14.Bb3 Kh7 15.Nd4 a6
16.f4 f5 17.Qe2 Rc8 18.exf5 gxf5 19.Kh1 Qe8 20.Bxe6 dxe6 21.Nxe6 Rf7 22.Rae1 Qc6
23.Rf3 Ng6 24.Rh3 Nxh4 25.Rxh4 Re7 26.Ng5+ Kg8 27.Ne4 fxe4 28.Rg4 Rce8 29.f5 Qxc3
30.a4 exd3 31.Qa2+ Kh8  0-1

[Event "FSGM Oct"]
[Site "Budapest HUN"]
[Date "2002.10.05"]
[Round "1"]
[White "Suarez,Da"]
[Black "Seres,L"]
[Result "1-0"]
[WhiteElo "2240"]
[BlackElo "2465"]

1.e4 c5 2.Nc3 Nc6 3.Nf3 g6 4.d4 cxd4 5.Nxd4 Bg7 6.Be3 Nf6 7.Bc4 O-O 8.Bb3 d6
9.f3 Bd7 10.Qd2 Nxd4 11.Bxd4 b5 12.O-O a5 13.a4 b4 14.Na2 Rb8 15.Rfd1 Qc8
16.Qf2 Bc6 17.Nc1 Qb7 18.Qh4 e5 19.Bf2 d5 20.Nd3 dxe4 21.Nxe5 exf3 22.Rd6 g5
23.Qd4 Ne4 24.Rxc6 Nxf2 25.Qxf2 Bxe5 26.Qxf3 Kh8 27.Rf1 f6 28.Bd5 Bxb2 29.Kh1 Qd7
30.Be6 Qe8 31.Bf5 Rf7 32.Qd5 Re7 33.Qc4 Rd8 34.Rc7 Be5 35.Rc5 Qxa4 36.Qa6 b3
37.Rxe5  1-0

[Event "EuYCh B18"]
[Site "Peniscola ESP"]
[Date "2002.10.05"]
[Round "6"]
[White "Ibarra Jerez,JC"]
[Black "Chapar,S"]
[Result "1-0"]
[WhiteElo "2368"]
[BlackElo "2238"]

1.e4 c5 2.Nf3 Nc6 3.Nc3 d6 4.d4 cxd4 5.Nxd4 Nf6 6.Bg5 e6 7.Qd2 Be7 8.O-O-O O-O
9.h4 Nxd4 10.Qxd4 Qa5 11.f3 a6 12.Kb1 b5 13.Qd2 b4 14.Ne2 Bb7 15.Nd4 Rfc8
16.Bd3 Qc7 17.g4 a5 18.Be3 e5 19.Nf5 d5 20.g5 d4 21.gxf6 dxe3 22.Nxe7+ Qxe7
23.fxe7 exd2 24.Bb5 f5 25.Rxd2 fxe4 26.Bc4+ Kh8 27.Rhd1  1-0

[Event "ch-ESP Open"]
[Site "Ayamonte ESP"]
[Date "2002.10.06"]
[Round "3"]
[White "Moreno Carnero,J"]
[Black "Villar Nieves,A"]
[Result "1/2-1/2"]
[WhiteElo "2503"]
[BlackElo "2145"]

1.e4 c5 2.Nc3 Nc6 3.Bb5 e5 4.Bxc6 dxc6 5.d3 Bd6 6.Nge2 Ne7 7.O-O Ng6 8.f4 exf4
9.Nxf4 Bxf4 10.Bxf4 Qd4+ 11.Kh1 Nxf4 12.Rxf4 c4 13.dxc4 Qxc4 14.Qh5 Be6 15.Raf1 O-O-O
16.Qa5 Qa6 17.Qxa6 bxa6 18.R4f2 Rd4 19.Kg1 Rhd8 20.b3 Kc7 21.Re1 c5 22.Nd5+ Bxd5
23.exd5 R4xd5 24.Rxf7+ R8d7 25.Ree7 Rxe7 26.Rxe7+ Rd7 27.Re6 Rd6 28.Re2 Kc6
29.Kf2 Rd7 30.Ke1 Kb5 31.Re4 g6 32.Ke2 a5 33.a4+ Kc6 34.Re6+ Rd6 35.Re7 Rd7
36.Rxd7 Kxd7 37.Ke3 Kc6 38.h4 h5 39.g3 Kd6 40.Kf4 Ke6 41.g4 hxg4 42.Kxg4 Kf6
43.Kf4 Ke6 44.Kg5 Kf7 45.c3 Kg7 46.Kf4 Kf6 47.Kg4 Ke6 48.Kf4 Kf6 49.Ke4 Ke6
50.c4 Kd6 51.Kf4 Ke6 52.Kg5 Kf7 53.Kh6 Kf6 54.Kh7 Kf7 55.Kh8 Kf8  1/2-1/2

[Event "EuYCh B18"]
[Site "Peniscola ESP"]
[Date "2002.10.06"]
[Round "7"]
[White "Bartel,Mat"]
[Black "Saric,A"]
[Result "1-0"]
[WhiteElo "2418"]
[BlackElo "2394"]

1.e4 c5 2.Nf3 Nc6 3.Nc3 g6 4.d4 cxd4 5.Nxd4 Bg7 6.Be3 Nf6 7.Bc4 O-O 8.Bb3 a5
9.O-O a4 10.Nxa4 Nxe4 11.Nb5 Ra6 12.c4 d6 13.Qe2 Nf6 14.Rad1 Be6 15.Nc5 Ra8
16.Nxe6 fxe6 17.Bg5 Qc8 18.Rfe1 Ne5 19.c5 Qxc5 20.Nd4 Nfg4 21.Bxe6+ Kh8 22.Bxg4 Nxg4
23.Qxg4 Ra4 24.Be3 e5 25.Ne6 Rxg4 26.Bxc5  1-0

[Event "11th Monarch Assurance"]
[Site "Port Erin IOM"]
[Date "2002.10.06"]
[Round "9"]
[White "Hinks Edwards,T"]
[Black "Rayner,F"]
[Result "1/2-1/2"]
[WhiteElo "2363"]
[BlackElo "2219"]

1.e4 c5 2.Nc3 Nc6 3.Bb5 Nd4 4.Nf3 Nxb5 5.Nxb5 e6 6.d4 a6 7.Nc3 cxd4 8.Qxd4 Ne7
9.Bf4 Nc6 10.Qd3 b5 11.O-O-O Bb7 12.Bd6 Bxd6 13.Qxd6 Rc8 14.e5 Na5 15.Rhe1 Nc4
16.Qd3 Bxf3 17.gxf3 Qg5+ 18.Kb1 O-O 19.Qxd7 Nxe5 20.Qb7 Nc4 21.Qxa6 Qf6 22.Rd3 Nxb2
23.Nd5 Qh4 24.Re4 Qxf2 25.Ne7+ Kh8 26.Nxc8 Nxd3 27.cxd3 Qxf3 28.Nd6 Qxd3+
29.Kb2 Qd2+ 30.Kb3 Qd5+ 31.Kb2 f5 32.Re2 Ra8 33.Nf7+ Kg8 34.Nh6+ Kf8 35.Qxe6 Rxa2+
36.Kb1 Qxe6 37.Rxe6 Rxh2 38.Nxf5 Kf7 39.Rb6 g5 40.Rxb5 Kf6 41.Ng3 h6 42.Kc1 Rh3
43.Ne4+ Kg6 44.Kd2 g4 45.Ke2 Rf3 46.Rb8 h5 47.Rb5 Rf5 48.Rb6+ Kg7 49.Ng3 Re5+
50.Kd3 h4 51.Ne2 Rg5 52.Ke4 g3 53.Nf4 Kf7 54.Nh3 Rg6 55.Rb7+ Kf6 56.Rh7 g2
57.Ng1 Kg5 58.Kf3 Rh6 59.Nh3+ Kg6 60.Ra7 g1=Q  1/2-1/2

[Event "3rd Mitropa Cup Junior"]
[Site "Saint Vincent ITA"]
[Date "2002.10.06"]
[Round "11"]
[White "Kurmann,O"]
[Black "Cernousek,L"]
[Result "1-0"]
[WhiteElo "2214"]
[BlackElo "2294"]

1.e4 c5 2.Nc3 Nc6 3.Nge2 g6 4.d4 cxd4 5.Nxd4 Bg7 6.Be3 d6 7.Bc4 Nf6 8.f3 O-O
9.Qd2 Bd7 10.O-O-O Qa5 11.Bb3 Rfc8 12.Kb1 Ne5 13.Bg5 Rc5 14.h4 b5 15.h5 Nc4
16.Bxc4 bxc4 17.Bxf6 exf6 18.h6 Bh8 19.Nde2 f5 20.Qxd6 Be6 21.exf5 Be5 22.Qe7 gxf5
23.f4  1-0

[Event "EuYCh B18"]
[Site "Peniscola ESP"]
[Date "2002.10.07"]
[Round "8"]
[White "Poulsen,Ma"]
[Black "Chapar,S"]
[Result "1-0"]
[WhiteElo "2160"]
[BlackElo "2238"]

1.e4 c5 2.Nc3 Nc6 3.Bb5 Nd4 4.Bc4 g6 5.Nge2 Bg7 6.Nxd4 cxd4 7.Qf3 Nh6 8.Ne2 e6
9.d3 Ng8 10.O-O Qh4 11.Bf4 Ne7 12.Bd6 Bf8 13.Nxd4 Nf5 14.Nb3 Nd4  1-0

[Event "3rd Autumn Open"]
[Site "Bad Wildbad GER"]
[Date "2002.10.09"]
[Round "6"]
[White "Schork,S"]
[Black "Inkiov,V"]
[Result "0-1"]
[WhiteElo "2170"]
[BlackElo "2424"]

1.e4 c5 2.Nc3 Nc6 3.Nf3 d6 4.d4 cxd4 5.Nxd4 Nf6 6.Bg5 e6 7.Qd2 Be7 8.O-O-O O-O
9.f4 Nxd4 10.Qxd4 Qa5 11.Bd3 e5 12.Qf2 exf4 13.Bxf4 Be6 14.Rhf1 Bxa2 15.Nxa2 Qxa2
16.Qd4 Ng4 17.Qb4 Rac8 18.h3 Nf6 19.b3 Rfe8 20.Bg5 Nxe4  0-1

[Event "FSGM Oct"]
[Site "Budapest HUN"]
[Date "2002.10.09"]
[Round "5"]
[White "Suarez,Da"]
[Black "Horvath,P1"]
[Result "0-1"]
[WhiteElo "2240"]
[BlackElo "2482"]

1.e4 c5 2.Nc3 Nc6 3.Nf3 Nf6 4.d4 cxd4 5.Nxd4 e5 6.Ndb5 d6 7.Bg5 a6 8.Na3 b5
9.Nd5 Be7 10.Bxf6 Bxf6 11.c3 Bb7 12.Nc2 Nb8 13.g3 Bg5 14.Bg2 Nd7 15.O-O O-O
16.f4 exf4 17.gxf4 Bh6 18.Qh5 Nf6 19.Nxf6+ Qxf6 20.e5 dxe5 21.Bxb7 Qb6+ 22.Rf2 Qxb7
23.fxe5 b4 24.cxb4 Rac8 25.Re1 Qb6 26.Qf5 g6 27.Qe4 Rfe8 28.a3 Bg7 29.Qd5 Re6
30.Re2 Bxe5 31.Qd7 Rc7 32.Qd8+ Kg7 33.Kg2 Qc6+ 34.Kg1 Rd7 35.Qh4 Rd1+ 36.Re1 Rxe1+
37.Nxe1 Bf6  0-1

[Event "TCh-AUT B"]
[Site "Mitte AUT"]
[Date "2002.10.11"]
[Round "8"]
[White "Weiss,L"]
[Black "Pilaj,H"]
[Result "0-1"]
[WhiteElo "2207"]
[BlackElo "2360"]

1.e4 c5 2.Nc3 Nc6 3.Nf3 d6 4.d4 cxd4 5.Nxd4 Nf6 6.Bc4 Qb6 7.Nxc6 bxc6 8.O-O g6
9.Bb3 Bg7 10.Be3 Qc7 11.h3 O-O 12.f4 e6 13.Qd2 d5 14.f5 exf5 15.exd5 cxd5
16.Nxd5 Nxd5 17.Bxd5 Bb7 18.Bxb7 Qxb7 19.c3 Rad8 20.Qf2 Rd7 21.Rad1 Rfd8
22.Rxd7 Rxd7 23.Bc5 h5 24.Qe2 Kh7 25.Re1 Qd5 26.Bf2 Qxa2 27.Qb5 Rd2 28.Re2 Rxe2
29.Qxe2 Bxc3 30.Qe7 Bxb2 31.Bxa7 Qa1+ 32.Kf2 Bd4+ 33.Bxd4 Qxd4+ 34.Kf1 Qd1+
35.Kf2 Qd4+ 36.Kf1 Kg7 37.Qc7 f4 38.Qb8 Qd1+ 39.Kf2 Qd2+ 40.Kf1 Qd3+  0-1

[Event "ch-ESP Open"]
[Site "Ayamonte ESP"]
[Date "2002.10.12"]
[Round "9"]
[White "Colas Longares,R"]
[Black "Martos Exposito,M"]
[Result "1-0"]
[WhiteElo "2337"]
[BlackElo "2112"]

1.e4 c5 2.Nc3 Nc6 3.Nf3 g6 4.d4 cxd4 5.Nxd4 Bg7 6.Nde2 Nf6 7.g3 d6 8.Bg2 O-O
9.O-O Rb8 10.a4 a6 11.h3 b6 12.Be3 Bb7 13.Qd2 Re8 14.Rab1 Ne5 15.b3 Ba8 16.g4 b5
17.axb5 axb5 18.Rfd1 Ned7 19.Ng3 b4 20.Na4 Qa5 21.Bd4 Rec8 22.Ra1 Qc7 23.Ra2 e5
24.Be3 Ne8 25.Bf1 Bc6 26.Bc4 Ndf6 27.f3 Ra8 28.Rda1 Bxa4 29.Rxa4 Rxa4 30.Rxa4 Rb8
31.g5 Nd7 32.Ra7 Qc6 33.Qd5 Qxd5 34.Bxd5 Nc5 35.Bxf7+ Kf8 36.Bd5  1-0

[Event "ch-ESP Open"]
[Site "Ayamonte ESP"]
[Date "2002.10.12"]
[Round "9"]
[White "Moreno Carnero,J"]
[Black "Ayas Fernandez,A"]
[Result "1-0"]
[WhiteElo "2503"]
[BlackElo "2290"]

1.e4 c5 2.Nc3 Nc6 3.Nge2 Nf6 4.d4 cxd4 5.Nxd4 e5 6.Ndb5 d6 7.Nd5 Nxd5 8.exd5 Ne7
9.c3 Nf5 10.a4 g6 11.Bd3 Bg7 12.O-O O-O 13.Qb3 Re8 14.Re1 b6 15.a5 a6 16.axb6 Qxb6
17.Nd4 Qc7 18.Nc6 Ne7 19.Na5 Bf5 20.Bf1 Reb8 21.Qa2 h6 22.Bd2 Bd7 23.b4 Kh7
24.Rac1 f5 25.c4 Be8 26.Red1 Bf7 27.Be1 Qd7 28.c5 e4 29.Bc4 Rc8 30.c6 Qa7
31.Nb7 Be5 32.Bc3 Bf4 33.Rc2 Rab8 34.Bd4 Qa8 35.g3  1-0

[Event "TCh-CZE 2002-3"]
[Site "Czech Rep CZE"]
[Date "2002.10.12"]
[Round "1"]
[White "Vavra,P1"]
[Black "Cvek,R"]
[Result "0-1"]
[WhiteElo "2380"]
[BlackElo "2429"]

1.e4 c5 2.Nf3 Nc6 3.Nc3 d6 4.Bb5 Bd7 5.O-O e6 6.Re1 Nf6 7.Bxc6 Bxc6 8.d4 cxd4
9.Qxd4 Be7 10.Bg5 h6 11.Bh4 e5 12.Qd3 g5 13.Bg3 Nh5 14.Rad1 Qc7 15.Nd2 Nf4
16.Bxf4 gxf4 17.Nc4 Rd8 18.a4 Rg8 19.Nb5 Bxb5 20.axb5 Qc8 21.Ra1 Qg4 22.Qf1 h5
23.Rxa7 f3 24.g3 h4 25.Ra4 hxg3 26.fxg3 Bh4 27.Ne3 Qf4 28.Nd5 Rxg3+ 29.Kh1 Qd2
30.Rd1 Qxc2 31.Ne3 Qxa4 32.hxg3 Qxe4 33.gxh4 Qxe3 34.Rd3 Qe4 35.Qxf3 Qxh4+
36.Kg2 Qg5+ 37.Kf2 Rc8 38.Rc3 Qd2+ 39.Kg3 Rxc3 40.bxc3 Qf4+  0-1

[Event "TCh-CZE 2002-3"]
[Site "Czech Rep CZE"]
[Date "2002.10.12"]
[Round "1"]
[White "Antoniewski,R"]
[Black "Mikhaletz,L"]
[Result "1/2-1/2"]
[WhiteElo "2491"]
[BlackElo "2488"]

1.e4 c5 2.Nc3 Nc6 3.Bb5 g6 4.Bxc6 dxc6 5.f4 e5 6.d3 Bh6 7.fxe5 Qh4+ 8.g3 Qe7
9.Bxh6 Nxh6 10.Qd2 Ng4 11.Nf3 Nxe5 12.Nxe5 Qxe5 13.Qf4 f6 14.Rf1 O-O 15.Qxe5 fxe5
16.Rxf8+ Kxf8 17.a3 Ke7 18.b4 Kd6 19.Na4 cxb4 20.axb4 Kc7 21.Kd2 Bh3 22.Ke3 Rf8
23.Nb2 Bg4 24.h3 Bxh3 25.Nc4 Rf1 26.Rxf1 Bxf1 27.Nxe5 Kd6 28.Nc4+ Kd7 29.g4 Bh3
30.Kf4 b6 31.Kg3 Bf1 32.Ne3 Be2 33.Kf2 Bxg4 34.Nxg4 a5 35.Ne5+ Kc7 36.c3 a4
37.Nc4 h5 38.Kg3 g5 39.Kf3 b5 40.Na3 Kd7 41.Nc2 Kd6 42.c4 c5 43.cxb5 cxb4
44.Nxb4 Kc5 45.e5 a3 46.b6 Kxb6 47.d4 Kc7 48.d5 Kd7 49.Na2 Ke7 50.Nc3 Kf7
51.Na2 Ke7 52.Nb4 Kd7 53.Ke4 h4 54.e6+ Kd6 55.Kf5 h3 56.Kf6 h2 57.e7 a2 58.Nxa2 h1=Q
59.e8=Q Qa1+ 60.Kg6 Qb1+ 61.Kg7 Qb2+ 62.Kf7 Qf2+ 63.Kg6 Qc2+ 64.Kg7 Qb2+
65.Kg8 Qxa2 66.Qc6+ Ke5 67.Qe6+ Kd4 68.Qf6+ Kc5  1/2-1/2

[Event "TCh-SWE"]
[Site "Helsingborg SWE"]
[Date "2002.10.12"]
[Round "2"]
[White "Aagaard,J"]
[Black "Welin,T"]
[Result "1/2-1/2"]
[WhiteElo "2371"]
[BlackElo "2375"]

1.e4 c5 2.Nf3 Nc6 3.Nc3 e5 4.Bc4 d6 5.d3 Be6 6.Nd5 Be7 7.c3 Nf6 8.O-O O-O
9.a3 Na5 10.Ba2 c4 11.Nxe7+ Qxe7 12.Bg5 Rac8 13.d4 h6 14.Bh4 Bg4 15.Re1 b6
16.h3 Bh5 17.g4 Bg6 18.Nd2 Bh7 19.f3 Qe6 20.d5 Qe7 21.Qe2 g5 22.Bf2 Qc7 23.Kg2 Kg7
24.Rh1 Nd7 25.h4 f6 26.Bb1 Rh8 27.Bc2 Nf8 28.h5 Nd7 29.Rhc1 Nc5 30.Rab1 Nd7
31.b4 cxb3 32.Bxb3 Rhd8 33.c4 Nc5 34.Bc2 Qd7 35.Qd1 Rc7 36.Rb5 Rdc8 37.Rcb1 Ncb7
38.Bd3 Nc5 39.Be2 Qe7 40.R1b2 Qd7 41.Rb1 Qe7 42.R1b2 Qd7 43.Rb1  1/2-1/2

[Event "1st Yemen Open"]
[Site "Sanaa YEM"]
[Date "2002.10.12"]
[Round "7"]
[White "Al Zendani,Z"]
[Black "Mallahi,A"]
[Result "0-1"]
[WhiteElo "2289"]
[BlackElo "2406"]

1.e4 c5 2.Nf3 Nc6 3.Nc3 e5 4.Bc4 Be7 5.d3 Nf6 6.Nd2 d6 7.Nf1 Nd7 8.Ne3 Nb6
9.O-O O-O 10.Ned5 Nd4 11.f4 Nxd5 12.Nxd5 b5 13.Nxe7+ Qxe7 14.Bd5 Bb7 15.f5 Bxd5
16.exd5 e4 17.f6 Qe5 18.c3 exd3 19.cxd4 Qxd4+ 20.Kh1 Rfe8 21.Qf3 d2 22.fxg7 Re7
23.Bxd2 Qxd2 24.Qf6 Rae8 25.Qxd6 Qxb2 26.h3 c4 27.Qc6 Qxg7 28.d6 Qg6 29.Rad1 Re2
30.Qf3 R8e3 31.Qb7 Re4 32.Rg1 Re8 33.d7 Rd8 34.Qc7 Qf6 35.Rge1 Rxe1+ 36.Rxe1  0-1

[Event "FIDE World Cup Gp A"]
[Site "Hyderabad IND"]
[Date "2002.10.13"]
[Round "4"]
[White "Macieja,B"]
[Black "Malakhov,V"]
[Result "1/2-1/2"]
[WhiteElo "2615"]
[BlackElo "2670"]

1.e4 c5 2.Nc3 Nc6 3.Nf3 g6 4.d4 cxd4 5.Nxd4 Bg7 6.Be3 Nf6 7.Bc4 O-O 8.Bb3 a5
9.O-O d6 10.Ndb5 b6 11.Re1 Ba6 12.a4 Rc8 13.Nd5 Nd7 14.c3 Nc5 15.Bc2 Re8
16.Rb1 Bxb5 17.axb5 Na7 18.Qe2 e6 19.Nf4 Qd7 20.c4 Rcd8 21.Nd3 Nc8 22.Nxc5 dxc5
23.Bg5 Ne7 24.e5 Qc7 25.h4 h6 26.Bf6 Bxf6 27.exf6 Nf5 28.Bxf5 gxf5 29.Rbd1 Kh7
30.Qe3 Kg6 31.g3 Rxd1 32.Rxd1 Rd8 33.Rd2 Rd7 34.Kg2 Qd8 35.Rxd7 Qxd7 36.Qe5 Qd8
37.b3 Qa8+ 38.Kg1 Qd8 39.Kg2 h5 40.Qf4 Qxf6 41.Qd6 e5 42.Qxf6+ Kxf6  1/2-1/2